Loading...
| Fine Arts - Classical Music and Opera | 4 | 4 | 1 | 2 | 95 | 38 | 94.88 | 1 | 6 | 22.80 | 45.64 |
| History - European | 1 | 3 | 1 | 1 | 40 | 71 | 118.00 | 0 | 1 | 6.17 | 13.88 |
| Social Science | 1 | 2 | 1 | 0 | 30 | 86 | 109.00 | 1 | 1 | 4.63 | 12.31 |
| History - Other | 0 | 3 | 0 | 0 | 30 | 92 | 106.67 | 0 | 1 | 5.08 | 12.56 |
| History - American | 0 | 3 | 1 | 0 | 25 | 94 | 112.00 | 0 | 2 | 5.46 | 19.29 |
| Modern World | 1 | 0 | 0 | 0 | 15 | 57 | 57.00 | 0 | 1 | 9.58 | 14.10 |
| Literature - American | 0 | 1 | 0 | 0 | 10 | 158 | 158.00 | 0 | 0 | 0.05 | 1.54 |
| Literature - European | 0 | 1 | 0 | 0 | 10 | 159 | 159.00 | 0 | 0 | 0.10 | 4.62 |
| History - World | 0 | 2 | 2 | 0 | 10 | 131 | 135.50 | 1 | 1 | 1.40 | 11.54 |
| Other Academic | 0 | 1 | 0 | 0 | 10 | 110 | 110.00 | 0 | 0 | 2.38 | 10.48 |
| Literature - British | 0 | 1 | 1 | 1 | 5 | 142 | 142.00 | 0 | 0 | 0.05 | 0.51 |
| Fine Arts - Other Arts | 0 | 1 | 1 | 0 | 5 | 140 | 140.00 | 0 | 0 | 0.21 | 3.08 |
| Fine Arts - Painting and Sculpture | 0 | 1 | 1 | 0 | 5 | 155 | 155.00 | 0 | 0 | 0.05 | 1.03 |
| Literature - World | 0 | 0 | 0 | 0 | 0 | 0.00 | 0 | 0 | 0.00 | 0.00 | |
| Religion | 0 | 0 | 1 | 0 | -5 | 0.00 | 0 | 0 | 0.00 | 0.00 |